000 00893nam a2200241Ii 4500
003 JO-AjNU
008 230605s9999||||xx |||||||||||||| ||und||
017 _a2005/19712
020 _a977-327-595-7
040 _aJO-AjNU
_bara
_erda
_cJO-AjNU
041 _aara
050 1 4 _aLA1311.Z35 2006
100 3 _aالزكي، أحمد عبد الفتاح مؤلف؛ تقديم أحمد،حافظ فرج ,
_eauthor
_938164
245 0 0 _aالتجربة اليابانية في التعليم دروس مستفادة
250 _aط1
264 3 1 _aالقاهرة:دار الوفاء لدنيا الطباعة والنشر،2006
300 _a339ص
336 _atext
_btxt
_2rdacontent
337 _aunmediated
_bn
_2rdamedia
338 _avolume
_bnc
_2rdacarrier
490 0 _aسلسلة دراسات في التربية المقارنة(2)
650 4 _aالتعليم-اليابان
_938165
999 _aA16011
_c19579
_d19579